Arte contemporáneo
| Main Author: | |
|---|---|
| Format: | Section = Libro |
| Language: | Undetermined Spanish |
| Published: |
Guatemala
Universidad de San Carlos de Guatemala
1966
|
| Subjects: |
| LEADER | 00464nam a2200169Ia 4500 | ||
|---|---|---|---|
| 008 | 240829s9999 xx 000 0 und d | ||
| 040 | |a BIBLIOTECA-RUSB/ 709.47281 A784 | ||
| 041 | |a spa | ||
| 082 | |a 709.47281 A784 | ||
| 100 | 1 | |a López, Aramís | |
| 245 | 1 | 0 | |a Arte contemporáneo |
| 260 | |a Guatemala |b Universidad de San Carlos de Guatemala |c 1966 | ||
| 300 | |a p. irreg. :il. | ||
| 650 | 7 | |a ARTE CONTEMPORANEO-GUATEMALA | |
| 942 | |c BK |2 ddc | ||
| 991 | |a TEXTO | ||
| 999 | |c 4691 | ||